000 00905nam a2200289 i 4500
005 20220317000530.0
008 160601s2002 sp gs 000 0 spa d
020 _a8424177096
040 _aCO-BoRNBP
_bspa
_cCO-BoRNBP
_erda
041 0 _aspa
100 1 _aGarcía Lorca, Federico,
_d1898-1936
_eautor
245 1 3 _aLa zapatera prodigiosa
_cFederico García Lorca
250 _aPrimera edición
264 1 _aLeón (España)
_bEverest
_c2002
300 _a109 páginas
_c21 cm
336 _atexto
_btxt
_2rdacontent
337 _asin mediación
_bn
_2rdamedia
338 _avolumen
_bnc
_2rdacarrier
490 _aPunto de encuentro
_pTeatro
650 1 4 _aTeatro español
_ySiglo XIX
_2LEMB
650 1 4 _aLiteratura española
_ySiglo XIX
_2LEMB
650 1 4 _aMatrimonio
_vTeatro
_2LEMB
650 1 4 _aMujeres
_vTeatro
_2LEMB
650 1 4 _aZapateros
_vTeatro
_2LEMB
942 _2loc
_cBKLIT
084 _aT GAR1
999 _c4309
_d4309